00314nam a2200109Ia 4500008004000000020001800040082001600058100003700074245004900111260003600160300000800196210210b1990 xxu||||| |||| 00| 0 eng d a0 8039 9749 3 a302.23 COLM aCOLLIN (Richard) and others, Ed. aMedia, culture & society: a critical reader. aLondonbSage Publicationsc1990 a346